000
00228nam a2200097Ia 4500
005
20251222114339.0
008
251222s1900||||xx |||||||||||||| ||spa||
082
_a
DVD0180/S31/1979
245
0
_a
Alien el octavo pasajero:
942
_c
DVD
999
_c
770
_d
770